000 00411cam a22001337a 4500
008 180718b1979 xxu||||| |||| 00| 0 eng d
082 _aV2x54 In2/1
100 _aIndia. Committee on Controls and Subsidies
245 _aReport of the Committee on Centrals and Subsidies
260 _aNew Delhi
_bThe author
_c1979
300 _a384+p.
500 _aChairman: Vadilal Dagli
700 _aDagli, Vadilal (Chairman)
999 _c489990
_d489990